000 00748nam a2200229 u 4500
001 000283274
003 AM-YeHGA
005 20250618071848.0
008 031113s1963 ai r 000 0 arm d
040 _aAM-YeHGA
041 0 _aarm
080 _a792AP(092)
090 _aԶ-37
245 1 0 _aԱրտեմ Լուսինյան /
_cԳ.Ս. Զարեյան, Ս.Գ. Ավչյան.
260 _aԵրևան :
_bՀայպետհրատ,
_c1963.
300 _a136 էջ :
_bնկ. ;
_c17 սմ.
440 0 _aՍովետահայ բեմի վարպետներ
600 1 4 _aԼուսինյան, Արտեմ
_96666
650 1 4 _aԹատրոն - Դերասանի արվեստ
700 1 _aԱվչյան, Սուրեն Գևորգի,
_d1904-1985
_91815
090 _c105070
999 _c103750
_d103750